Tackling housing market volatility in the UK (Record no. 114640)
[ view plain ]
| 000 -LEADER | |
|---|---|
| fixed length control field | 01018cad a22002055a 4500 |
| 001 - CONTROL NUMBER | |
| control field | L157180 |
| 008 - FIXED-LENGTH DATA ELEMENTS--GENERAL INFORMATION | |
| fixed length control field | 120914s2012 xxk f 000 0 eng d |
| 035 ## - SYSTEM CONTROL NUMBER | |
| System control number | (Sirsi) u157180 |
| 041 0# - LANGUAGE CODE | |
| Language code of text/sound track or separate title | eng |
| 100 1# - MAIN ENTRY--PERSONAL NAME | |
| Personal name | Stephens, Mark |
| 245 00 - TITLE STATEMENT | |
| Title | Tackling housing market volatility in the UK |
| Remainder of title | a progress report |
| Medium | [electronic resource] |
| 260 ## - PUBLICATION, DISTRIBUTION, ETC. | |
| Place of publication, distribution, etc. | York |
| Name of publisher, distributor, etc. | Joseph Rowntree Foundation |
| Date of publication, distribution, etc. | 2012 |
| 520 ## - SUMMARY, ETC. | |
| Summary, etc. | Reviews the progress being made in implementing the recommendations of the Joseph Rowntree Foundation (JRF) Housing Market Taskforce for tackling housing market volatility in the UK made in 2011 (L152929). Considers ways to protect homeowners from the effects of volatility and developing alternatives to home ownership. |
| 590 ## - LOCAL NOTE (RLIN) | |
| Local note | KA NTK |
| 651 #4 - SUBJECT ADDED ENTRY--GEOGRAPHIC NAME | |
| Geographic name | United Kingdom |
| Chronological subdivision | |
| 690 ## - LOCAL SUBJECT ADDED ENTRY--TOPICAL TERM (OCLC, RLIN) | |
| Topical term or geographic name as entry element | Residential property |
| 9 (RLIN) | 6266 |
| 700 1# - ADDED ENTRY--PERSONAL NAME | |
| Personal name | Williams, Peter |
| 856 40 - ELECTRONIC LOCATION AND ACCESS | |
| Uniform Resource Identifier | <a href="https://www.jrf.org.uk/sites/files/jrf/housing-market-sustainability-summary.pdf">https://www.jrf.org.uk/sites/files/jrf/housing-market-sustainability-summary.pdf</a> |
| Public note | View the item free of charge from the www.jrf.org.uk website. |
| 942 ## - ADDED ENTRY ELEMENTS (KOHA) | |
| Suppress in OPAC | 0 |
| Withdrawn status | Lost status | Source of classification or shelving scheme | Damaged status | Not for loan | Home library | Current library | Shelving location | Date acquired | Total Checkouts | Full call number | Barcode | Date last seen | Copy number | Price effective from | Koha item type |
|---|---|---|---|---|---|---|---|---|---|---|---|---|---|---|---|
| Dewey Decimal Classification | Virtual | Virtual | Online | 14/09/2012 | ONLINE PUBLICATION | 157180-2001 | 06/08/2019 | 1 | 06/08/2019 | Book |